Zur geschichte der römischen rechtswissenschaft
Uloženo v:
| Hlavní autor: | |
|---|---|
| Médium: | Kniha |
| Jazyk: | němčina |
| Vydáno: |
Nápoles
Jovene
1981
|
| Edice: | Antiqva, 12
|
| Témata: | |
| Tagy: |
Přidat tag
Žádné tagy, Buďte první, kdo vytvoří štítek k tomuto záznamu!
|
MARC
| LEADER | 00000nam a2200000 a 4500 | ||
|---|---|---|---|
| 001 | UCO9878 | ||
| 003 | CL-VaPUC | ||
| 008 | 010309e19810000IT |||||||||||||||||ger|d | ||
| 082 | 0 | 4 | |a 340.54 |b SAN |2 21 |
| 100 | 0 | |a Sanio, Friedrich Daniel |e author |9 455053 | |
| 245 | 1 | 0 | |a Zur geschichte der römischen rechtswissenschaft |
| 300 | |a 116 p | ||
| 942 | |c BK | ||
| 945 | |d 20010309 00:00:00 |a vberengu | ||
| 260 | |a Nápoles |b Jovene |c 1981 | ||
| 650 | 0 | |a Historia de las ciencias |9 264975 | |
| 650 | 0 | |a Derecho romano |9 255930 | |
| 650 | 7 | |a DOCTRINA ROMANA |2 CL-VaPUC |9 455054 | |
| 650 | 0 | |a Jurisprudencia romana |9 393300 | |
| 583 | |a last modification |c 20160914 10:30:22 |k Rodrigo Vera | ||
| 490 | 0 | |a Antiqva, 12 | |
| 999 | |c 293895 |d 293893 | ||
| 952 | |0 0 |1 0 |4 0 |6 340_540000000000000_SAN_1981 |7 0 |8 DER_ROM |9 345665 |a BIBDER |b BIBDER |d 2019-11-20 |i 3683648 |o 340.54 SAN 1981 |p 3683648 |r 2023-01-25 |w 2019-11-20 |x Ubicación 4to piso |y BK |z Este recurso debe solicitarse con anticipación |k DER | ||